| 000 | 00722cam a2200217 a 4500 | ||
|---|---|---|---|
| 999 |
_c7444 _d7444 |
||
| 001 | 21234 | ||
| 003 | BD-DhUAP | ||
| 005 | 20210123102842.0 | ||
| 008 | 201102s2017 bg abf b f000 0 eng | ||
| 020 | _a9789843409784 | ||
| 040 |
_aBD-DhUAP _cBD-DhUAP _dBD-DhUAP _bEng |
||
| 082 |
_a349.5492 NEW _223 |
||
| 245 |
_aNew dimensions of law : _banalysis of selected laws of Bangladesh / _cedited by Abdullah Al Faruque and M. Jashim Ali Chowdhury. |
||
| 260 |
_aDhaka : _bHEQEP, _cc2017. |
||
| 300 |
_a188 pages : _billustrations ; _c22 cm. |
||
| 650 |
_aLaw _zBangladesh. |
||
| 700 | _aFaruque, Abdullah Al. | ||
| 700 | _aChowdhury, M. Jashim Ali. | ||
| 710 | _aHigher Education Quality Enhancement Project. | ||
| 942 |
_2ddc _cBK |
||